00972 2200337 4500001002100000005001500021035002500036008004100061020001800102082001400120090001700134100003500151245008900186250003200275260004500307300002900352500003100381500001100412650001400423700003600437850001200473980001300485985000600498999001500504999001500519999001500534040001700549084001600566504003400582990001800616YOGYA-0209000003988820200316014144 a0010-020900000039888090227s2006 jki g | 1 ind d a979-709-264-x04223a959.8 a959.8bPAR m0 aParakitri T. Simbolonepenulis10aMenjadi Indonesia /cpenulis, Parakitri T. Simbolon; penyunting, Christina M. Udiani aCetakan kedua, Oktober 20063 aJakarta :bKompas Media Nusantara,c2006 axxxvii, 846 hlm ;c21 cm aBibliografi : hlm. 797-814 aIndeks 4aIndonesia0 aChristina M. Udianiepenyunting aYOPDYOG a22-10-07 a3 a07B0029939 a07B0029940 a07B0029941 aYOPDYOGbind a959.8 PAR m aBibliografi : halaman 797-814 a29941-PD/B.09